000 00634nam a2200229Ia 4500
005 20250108124817.0
008 008 250107s9999 xx 000 0 eng d
020 _a978-81-947805-2-6
037 _aTB
040 _aCRL
_beng
_cCRL
041 _aeng
_2eng
084 _aP152 Q0
084 _qCRL
100 _aThareja Reema (Shyama Prasad) Au.
_9729894
245 0 _aProgramming in C
_cThareja Reema (Shyama Prasad) Au.
260 _aNew Delhi, India
_bOxfrod University Press
_c2273
300 _axix,466p.
365 _aINR
_b100
650 _aENGINEERING
942 _cTB
_hP152 Q0
999 _c1234661
_d1234661